00531nam a22001817a 45000050016000000100014000160200026000300200023000560350013000790370013000920820014001051000022001192450078001412600032002192700057002513000024003087000017003322010072205365.0 aENG-97094 c225.00a9788190729420 c225.00a819072942x aEN-80627 bDBAD/PUB a338.10954 aShinde, Annasaheb aHungry nation to agro power /cby Annasaheb Shinde; edited by Anil Shinde aPunebAmeya Prakashanc2008 bPunea207, Business Guild, Law College Road,e411004 a152 p.c21 cm (pbk) aShinde, Anil